000 00708nam a2200193Ia 4500
008 090123s9999 xx 000 0 und d
082 _b16475
100 _aगाला ध.रा.
245 _aहृदयरोग टाळा व दिर्घायुषी बना
250 _a1
260 _bगाला पब्लिकेशन
_c1988
300 _a141
600 _aगाला ध.रा.
630 _aहृदयरोग टाळा व दिर्घायुषी बना
700 _aगाला ध.रा.
700 _aगाला धिरेन
730 _aहृदयरोग टाळा व दिर्घायुषी बना
942 _cBOOK
999 _c54540
_d54540